Albert Einstein

Bibliographic Details
Main Author: McCormick, Lisa Wade , 1961
Format: Book
Published: New York : The Rosen Publlishing Group, Inc. , 2015
Series:Great science writers
Subjects:

MARC

LEADER 00000cam a2200000 7i4500
001 0000191980
005 20161205.0
020 |a 9781477776872 
090 0 0 |a 530.092   |b MCC 
100 1 |a McCormick, Lisa Wade ,   |d 1961 
245 1 0 |a Albert Einstein   |c Lisa Wade McCormick 
260 |a New York :   |b The Rosen Publlishing Group, Inc. ,   |c 2015 
300 |a 112p. ;   |c 23cm. 
490 0 |a Great science writers 
600 1 0 |a Einstein, Albert ,   |d 1879-1955   |x Juvenile literature 
650 0 0 |a Physicists   |x Biography   |x Juvenile literature 
999 |a 00332474   |b BUKU   |c RUJUKAN   |e PERPUSTAKAAN KOMUNITI PETALING JAYA